Beyonce Top 75 Hits UK - Statistics

General Stats
  • This quiz has been taken 86 times
    54 since last reset
  • The average score is 22 of 67
Answer Stats
Chart Position Year Featuring Answer % Correct
#1 2003 Jay Z Crazy In Love
97%
#1 2010 Lady Gaga Telephone
95%
#1 2007 Shakira Beautiful Liar
92%
#4 2009 Halo
86%
#1 2024 Texas Hold Em
81%
#2 2003 Sean Paul Baby Boy
78%
#1 2006 Jay Z Deja Vu
76%
#2 2022 Break My Soul
70%
#9 2013 Jay Z Drunk in Love
62%
#1 2008 If I Were a Boy
62%
#5 2022 Cuff It
59%
#4 2006 Irreplaceable
54%
#3 2006 Slim Thug Check on It
49%
#31 2016 Formation
49%
#5 2009 Sweet Dreams
49%
#2 2003 Jay Z 03 Bonnie and Clyde
46%
#10 2004 Naughty Girl
46%
#65 2014 Nicki Minaj Flawless
43%
#40 2016 Kendrick Lamar Freedom
43%
#58 2010 Lady Gaga Videophone
43%
#13 2011 Love on Top
41%
#7 2008 Single Ladies (Put a Ring on It)
41%
#9 2024 Miley Cyrus II Most Wanted
38%
#11 2011 Run The World (Girls)
35%
#33 2014 7/11
32%
#3 2011 Best Thing I Never Had
32%
#72 2009 Diva
32%
#44 2024 16 Carriages
30%
#36 2016 Jack White Don't Hurt Yourself
30%
#60 2010 Ego
30%
#64 2015 Nicki Minaj Feeling Myself
30%
#11 2016 Hold Up
27%
#11 2004 Me Myself and I
27%
#65 2013 Drake Mine
27%
#74 2014 Partition
27%
#4 2015 Naughty Boy Runnin (Lose it All)
27%
#33 2016 Sorry
27%
#22 2014 XO
27%
#35 2016 The Weeknd 6 Inch
24%
#7 2017 Eminem Walk on Water
24%
#63 2014 Pretty Hurts
22%
#71 2011 1+1
19%
#60 2016 All Night
19%
#22 2023 America Has a Problem
19%
#35 2011 Countdown
19%
#39 2011 End of Time
19%
#13 2007 Green Light
19%
#68 2023 Heated
19%
#8 2007 Listen
19%
#16 2022 Alien Superstar
16%
#8 2024 Jolene
16%
#48 2011 Jay Z/ Kanye West Lift Off
16%
#40 2016 Daddy Lessons
14%
#71 2017 DJ Khaled/ Jay Z Shining
14%
#7 2002 Work it Out
14%
#42 2019 SaintJhn/Wizkid Brown Skin Girl
11%
#69 2016 Love Drought
11%
#56 2019 Childish Gambino/Jay Z Mood 4 Eva
11%
#41 2018 DJ Khaled/Jay Z/Future Top Off
11%
#49 2020 Black Parade
8%
#27 2009 Broken Hearted Girl
8%
#56 2023 My House
8%
#52 2016 Pray You Catch Me
8%
#59 2019 Spirit
8%
#51 2010 Why Don't You Love Me
8%
#57 2016 Sandcastles
5%
#62 2017 Die With You
0%
No matching quizzes found
Score Distribution
Percent of People with Each Score
Percentile by Number Answered
Your Score History
You have not taken this quiz since the last reset